• 首页
  • 本馆介绍
  • 公告通知
  • 最新文献
  • 馆藏检索
  • 电子资源
  • 读者导购
  • 参考咨询
  • 我的图书馆
  • 登录
  • 详细信息显示
  • 放入我的书架
  • 预约/预借图书
  • 作者相关作品
  • 分类相关作品
  • 丛书相关作品
  • 出版社相关作品

书目信息

  • 表格格式
  • 工作单格式
  • 卡片格式
题名:
上海建筑施工企业概况
    
 
作者: ;上海市建设工程招标管理办公室 编
分册:  
出版信息: 上海   上海科学技术文献出版社  1990.3
页数: 377页
开本: 26厘米
丛书名:
单 册:
中图分类: F426.9
科图分类:
主题词: 建筑企业--概况--上海
电子资源:
ISBN: 7-80513-570-3
000 00867nam 2200217 45
001 0190009481
005 20060810113331.03
010    @a7-80513-570-3@b精装@dCNY25.00
100    @a19901221d1990 m y0chiy0121 ea
101 0  @achi
102    @aCN@b310000
105    @af g 000yy
200 10 @a上海建筑施工企业概况@ASHANG HAI JIAN ZHU SHI GONG QI YE GAI KUANG@f上海市建设工程招标管理办公室编@FSHANG HAI SHI JIAN SHE GONG CHENG ZHAO BIAO GUAN LI BAN GONG SHI BIAN
210    @a上海@c上海科学技术文献出版社@d1990.3
215    @a377页@c彩照@d26厘米
540 1  @a上海 建筑 施工 企业 概况@ASHANG HAI JIAN ZHU SHI GONG QI YE GAI KUANG
606    @a建筑企业@x概况@x上海
690    @aF426.9
711 02 @a上海市建设工程招标管理办公室@ASHANG HAI SHI JIAN SHE GONG CHENG ZHAO BIAO GUAN LI BAN GONG SHI@4编
801  0 @aCN@bTSSF@c20060810
905    @a10447@dF426.9@e72
    
    上海建筑施工企业概况/上海市建设工程招标管理办公室编.-上海:上海科学技术文献出版社,1990.3
    377页:彩照;26厘米
    
    
    ISBN 7-80513-570-3(精装):CNY25.00
    
●
相关链接 在E读中查询图书 在五车中查询图书 在当当中查询图书 在豆瓣中查询图书


正题名:上海建筑施工企业概况     索取号:F426.9/72         预约/预借

序号 登录号 条形码 馆藏地/架位号 状态 备注
1 0448437   204484370   密集书库/ [索取号:F426.9/72] 在馆    
2 0448438   204484389   密集书库/ [索取号:F426.9/72] 在馆    
唐山师范学院图书馆 欢迎您!
大连网信软件有限公司© 版权所有